| 000 | 00610nam a2200229 a 4500 | ||
|---|---|---|---|
| 001 | BRCA_6236 | ||
| 005 | 20190320205400.0 | ||
| 008 | 200711s1933----gw-#######---#000-0#ger-# | ||
| 041 | _ager | ||
| 044 | _agw | ||
| 050 | 4 |
_aHG255 _b.C38 1933 |
|
| 100 | 1 |
_aCassel, Gustav _d1866-1945 _915664 |
|
| 245 | 1 | 0 |
_aDie Krise im Weltgeldsystem _cGustav Cassell. |
| 260 |
_aBerlín _bBuchholz & Weisswange _c1933 |
||
| 300 |
_a123 p. _c20 cm. |
||
| 500 | _aK95 | ||
| 650 | 1 | 4 |
_aCuestión Monetaria _915665 |
| 650 | 1 | 4 |
_aOro _915666 |
| 650 | 1 | 4 |
_aDepresiones - 1929 (Economía) _915667 |
| 902 | _aGFM | ||
| 942 |
_2lcc _cB |
||
| 999 |
_c5923 _d5923 |
||